It looks like you're offline.
Open Library logo
additional options menu

MARC Record from Library of Congress

Record ID marc_loc_2016/BooksAll.2016.part02.utf8:104087761:614
Source Library of Congress
Download Link /show-records/marc_loc_2016/BooksAll.2016.part02.utf8:104087761:614?format=raw

LEADER: 00614cam a22001931 4500
001 12030098
003 DLC
005 20130404080346.0
007 cr_|||||||||||
008 040325s1882 mau 000 0 eng
010 $a 12030098
040 $aDLC$cDLC$dDLC
050 00 $aPS1012.S6$b1882
100 1 $aAlcott, Amos Bronson,$d1799-1888
245 10 $aSonnets and canzonets.$bBy A. Bronson Alcott ...
260 $aBoston,$bRoberts brothers,$c1882.
300 $aiv, [5]-149 p.$c18 cm.
530 $aAlso available in digital form on the Internet Archive Web site.
856 41 $uhttp://hdl.loc.gov/loc.gdc/scd0001.00120722451